| 000 | 02620nam2a22003011 4500 | ||
|---|---|---|---|
| 001 | RU\NLR\INFOCOMM6\1000384980 | ||
| 005 | 20250617150123.0 | ||
| 035 | _a(NLR Aleph) 002732259 | ||
| 090 |
_a1975269 _c1975270 |
||
| 100 | _a20040123d1964 |||y0rusy50 ca | ||
| 101 | 0 | _arus | |
| 102 | _aRU | ||
| 105 | _ay ||||||||| | ||
| 200 | 1 |
_aРентгеновский анализ _fСиболд Р.Е. и Биркс Л.С. |
|
| 210 |
_d1964 _aБ. м. |
||
| 225 | 1 |
_a... _v№12 (158) _i... _v1964, №2 (60) |
|
| 423 | 1 |
_12001#$aОптические свойства Lif в вакуумном ультрафиолете$fПаттерсон А., Ваугхан В.Х. _1700#1$aПаттерсон$b.А. _1701#1$aВаугхан$bВ.Х. _tОптические свойства Lif в вакуумном ультрафиолете _aПаттерсон, .А. |
|
| 461 | 0 |
_1001RU\NLR\INFOCOMM6\1000384968 _12001#$aРеферативный бюллетень$fВсесоюз. ин-т науч. и техн. информации. Гос. Ком. по координации науч.-исслед. работ СССР и Акад. наук СССР$v№12 (158) _91975196 _aВсесоюзный институт научной и технической информации. Отдел научных фондов _cМ. _d1964 _fВсесоюз. ин-т науч. и техн. информации. Гос. Ком. по координации науч.-исслед. работ СССР и Акад. наук СССР _tРеферативный бюллетень _v№12 (158) |
|
| 462 | 0 |
_1001RU\NLR\INFOCOMM6\1000384978 _12001#$aРеферативный бюллетень ...$iСерия: Физика$fВсесоюз. ин-т науч. и техн. информации. Гос. Ком. по координации науч.-исслед. работ СССР и Акад. наук СССР$v1964, №2 (60) _91975250 _aВсесоюзный институт научной и технической информации. Отдел научных фондов _cМ. _d1964- _fВсесоюз. ин-т науч. и техн. информации. Гос. Ком. по координации науч.-исслед. работ СССР и Акад. наук СССР _iСерия: Физика _tРеферативный бюллетень. - Реферативный бюллетень ... _v1964, №2 (60) |
|
| 700 | 1 |
_aСиболд _bР.Е. _4070 |
|
| 701 | 1 |
_aБиркс _bЛ.С. _4070 |
|
| 801 | 1 |
_aRU _bInfoComm _c20040123 |
|
| 801 | 0 |
_aRU _bNLR _gPSBO |
|
| 852 |
_aNLR _jП11/2355 |
||
| 942 | _cISSUE | ||
| 980 | _aNB | ||
| 980 | _aRUSPER | ||